000 008500000a22001210004500
100 1 _aWright, Christopher J.H.
245 1 0 _aThe whole church-a brief biblical survey.
300 _aVo.34, no.1 (jun., 2010),p.14-28
520 _aSi pensamos en la iglesia como comunidad de personas que confiesan a Jesús de Nazaret como Señor y salvador, y que tratan de vivir como viven como sus seguidores en el poder del Espíritu Santo, entonces el origen histórico de esa comunidad, que se define en relación a Cristo Jesús, que se remonta hasta el día de Pentecostés en el Nuevo Testamento. Sin embargo, los cristianos creen que la iglesia es una comunidad que ha sido llamada a la existencia de Dios, un pueblo constituido por Dios para el propósito de Dios en el mundo.
650 1 4 _aIGLESIA
773 0 _tEvangelical Review of Theology
942 _cANA
999 _c63056
_d63056